00734nam a22002057a 450000500170000001000150001702000260003203500140005803700130007208200140008510000340009924500700013326000370020327000470024030000200028750000420030794200280034999900190037795201320039620240402144026.0 aENG-139460 a9788178246604c595.00 aEN-122992 bDBAD/PUB a894.81103 aVenkatachilapathy A.R.964179 aThe Brief History of a Very Big Book/cBy A.R. Venkatachilapathy  aRanikhet CanttbPermanent Black  aHimalayana , Mall Road , Ranikhet e263645 a149p.c21cm(hb) aThe Making Of The Tamil Encyclopaedia 2ddccENmVENh894.81103 c201070d201070 001040708NFICaBNbBNd2024-02-27eDBADg595.00l0oVEN 894.81103pEN-122992r2024-02-27 00:00:00t1v595.00w2024-02-27yEN